Sports Quiz

Random Sports or NFL Quiz
Score 0/32 Timer 07:00
0 Plays Today
1st Three Coaches Team % Correct
Tom Landry, Jimmy Johnson, Barry SwitzerDallas Cowboys
94.5%
Tom Coughlin, Jack Del Rio, Mel TuckerJacksonville Jaguars
92%
George Wilson, Don Shula, Jimmy JohnsonMiami Dolphins
88.8%
Ted Marchibroda, Brian Billick, John HarbaughBaltimore Ravens
88.1%
Earl 'Curly' Lambeau, Gene Ronzani, Hugh DevoreGreen Bay Packers
88%
Dom Capers, Gary Kubiak, Wade PhillipsHouston Texans
84.6%
Dom Capers, George Seifert, John FoxCarolina Panthers
81.6%
Paul Brown, Blanton Collier, Nick SkorichCleveland Browns
81.1%
George Halas, Ralph Jones, Heartley 'Hunk' AndersonChicago Bears
76.5%
Paul Brown, Bill Johnson, Homer RiceCincinnati Bengals
69.7%
Hank Stram, Paul Wiggin, Tom BettisKansas City Chiefs
65.2%
Keith Molesworth, Weeb Ewbank, Don ShulaIndianapolis Colts
58.7%
Norm Van Brocklin, Bud Grant, Les SteckelMinnesota Vikings
52.2%
Sammy Baugh, Clyde 'Bulldog' Turner, Weeb EwbankNew York Jets
48%
John McKay, Leeman Bennett, Ray PerkinsTampa Bay Buccaneers
43.4%
Jack Patera, Mike McCormack, Chuck KnoxSeattle Seahawks
40.2%
1st Three Coaches Team % Correct
Sid Gillman, Charlie Waller, Harland SvareLos Angeles Chargers
37.4%
Buster Ramsey, Lou Saban, Joe CollierBuffalo Bills
37%
Norb Hecker, Norm Van Brocklin, Marion CampbellAtlanta Falcons
29.6%
Lud Wray, Bert Bell, Alfred 'Greasy' NealePhiladelphia Eagles
29.4%
Lou Saban, Mike Holovak, Clive RushNew England Patriots
28.6%
Hal Griffin, George 'Potsy' Clark, Earl 'Dutch' ClarkDetroit Lions
27.5%
Bob Folwell, Joe Alexander, Earl PotteigerNew York Giants
26.6%
Forrest Douds, Luby DiMelio, Joe BachPittsburgh Steelers
25%
Buck Shaw, Red Strader, Frankie AlbertSan Francisco 49ers
24.8%
Tom Fears, J.D. Roberts, John NorthNew Orleans Saints
24.7%
Lud Wray, William 'Lone Star' Dietz, Eddie CaseyWashington Redskins
22.8%
Damon Wetzel, Hugo Bezdek, Art LewisLos Angeles Rams
22.4%
Eddie Erdelatz, Marty Feldman, Red ConkrightLas Vegas Raiders
22.1%
John 'Paddy' Driscoll, Arnie Horween, Norman BarryArizona Cardinals
21.8%
Frank Filchock, Jack Faulkner, Mac SpeedieDenver Broncos
20.2%
Lou Rymkus, Wally Lemm, Frank 'Pop' IvyTennessee Titans
19.4%

You're not logged in!

Compare scores with friends on all Sporcle quizzes.
OR
Log In

Sporcle TV

Today on Sporcle TV


Watch our educational content, quiz creation guides, and fun videos on Sporcle TV.

Show Comments

Extras

Top Quizzes Today


Score Distribution

Paid Content

Your Account Isn't Verified!

In order to create a playlist on Sporcle, you need to verify the email address you used during registration. Go to your Sporcle Settings to finish the process.

Report this User

Report this user for behavior that violates our Community Guidelines.

Details: